Statistics for Flag Test #2

Click here to take the quiz!

General Stats

  • This quiz has been taken 39 times
  • The average score is 12 of 16

Answer Stats

Answer% Correct
United States of America
100%
Argentina
94%
India
89%
Sweden
89%
Australia
86%
Egypt
86%
Mexico
86%
Switzerland
83%
Norway
81%
Chad
69%
Afghanistan
67%
Ecuador
64%
Ethiopia
61%
Democratic Republic of the Congo
58%
Namibia
53%
Comoros
47%

Score Distribution

Percentile by Number Answered

Percent of People with Each Score

Your Score History

You have not taken this quiz